000 00785cam a22002533a 4500
001 28112
003 PGUSA
005 20140828083616.0
008 090218s2009||||xxu|||||s|||||000 1 eng d
040 _aPGUSA
_beng
042 _adc
050 4 _aPS
100 1 _aJackson, Daniel,
_d1790-
245 1 0 _aAlonzo and Melissa; Or, The Unfeeling Father :
_bAn American Tale
_h[electronic resource] /
_cDaniel Jackson
260 _bProject Gutenberg,
_c2009
506 _aPublic domain in the USA.
516 _aElectronic text
653 _aGothic fiction (Literary genre)
653 _aUnited States -- History -- Revolution, 1775-1783 -- Fiction
653 _aLove stories
830 0 _aProject Gutenberg
_v28112
856 4 0 _uhttp://www.gutenberg.org/ebooks/28112
942 _cEB
999 _c257367
_d257367